000
00288nam a22001217a 4500
008
190305b xxu||||| |||| 00| 0 eng d
041
_a
eng
080
_2
2nd
_a
070
100
_a
40
101
_a
MK
245
_a
Fundamentals of Effective Speech Communication
_c
Capps,R
942
_2
udc
_c
BK
999
_c
54554
_d
54554